000 00740nmm a2200217Ia 4500
008 251105s9999||||xx |||||||||||||||||und||
041 _aspa
100 _aRío Chávez, Ignacio del
245 0 _aBaja California Sur. Historia breve :
_b Historia breve
264 _a[México D.C., Mexico] :
_bFondo de Cultura Económica,
_c2016
300 _a291 páginas
490 _aHistorias Breves
650 _aHistory of the Americas: Latin America
700 _aRío Chávez, Ignacio del
700 1 _a Altable Fernández, María Eugenia
700 1 _a Hernández Chávez, Alicia
700 1 _a Hernández Chávez, Alicia
700 1 _a Celaya Nández, Yovana
856 _uhttps://public.digitaliapublishing.com/a/64072
942 _cCF
999 _c70553
_d70553